| 000 | 00798nam a22001817a 4500 | ||
|---|---|---|---|
| 999 |
_c7389 _d7389 |
||
| 005 | 20211116111905.0 | ||
| 008 | 211104b ||||| |||| 00| 0 eng d | ||
| 040 | _aCDMR | ||
| 110 |
_94689 _aFederación de Entidades con Proyectos y Pisos Asistidos |
||
| 245 |
_aEl tratamiento informativo de la juventud extutelada / _cFederación de Entidades con Proyectos y Pisos Asistidos (FEPA) |
||
| 260 |
_a[Barcelona] : _bFEPA, _c2021 |
||
| 300 |
_a11 pàgines ; _c30 cm |
||
| 650 | 0 |
_9983 _aÈtica periodística _vManuals d'estil |
|
| 650 | 0 |
_93772 _aPeriodisme--Manuals d'estil |
|
| 650 | 0 |
_94694 _aJoves extutelats _xCobertura periodística |
|
| 856 |
_yTambé disponible en línia _z(Accés lliure) _uhttps://www.fepa18.org/es/el-tratamiento-informativo-de-la-juventud-extutelada/ |
||
| 942 |
_2udc _cFULLET |
||